Acquisition by tenants (Record no. 68164)

MARC details
000 -LEADER
fixed length control field 01239cam a2200241 4500
001 - CONTROL NUMBER
control field WB3733-18
008 - FIXED-LENGTH DATA ELEMENTS--GENERAL INFORMATION
fixed length control field 010905n2001 000 0 eng u
035 ## - SYSTEM CONTROL NUMBER
System control number (Sirsi) u114439
245 ## - TITLE STATEMENT
Title Acquisition by tenants
260 ## - PUBLICATION, DISTRIBUTION, ETC.
Date of publication, distribution, etc. 2001
490 ## - SERIES STATEMENT
Series statement Estates Gazette Case Summaries
Volume/sequential designation [2001] 35 EG 104 (1/09/2001)
520 ## - SUMMARY, ETC.
Summary, etc. CA 31 July 2001. "Speedwell Estates Ltd and another v Dalziel and others", the applicant landlords S, were involved in three different actions, which concerned the same issue. The respondents D and others each held a house under a long lease at a low rent. The tenants claimed entitlement to acquire the freehold of their houses, under the Leasehold Reform Act 1967 part 1 as amended. S asserted that the tenants' notices failed to meet statutory requirements and sought declarations that the tenants were not entitled to acquire the freeholds. Application allowed. Appeals dismissed.
590 ## - LOCAL NOTE (RLIN)
Local note WB
650 ## - SUBJECT ADDED ENTRY--TOPICAL TERM
Topical term or geographic name entry element FREEHOLDS
650 ## - SUBJECT ADDED ENTRY--TOPICAL TERM
Topical term or geographic name entry element ENTITLEMENT TO ACQUIRE
650 ## - SUBJECT ADDED ENTRY--TOPICAL TERM
Topical term or geographic name entry element LEASEHOLD REFORM ACT 1967 PART 1
650 ## - SUBJECT ADDED ENTRY--TOPICAL TERM
Topical term or geographic name entry element NOTICES
650 ## - SUBJECT ADDED ENTRY--TOPICAL TERM
Topical term or geographic name entry element STATUTORY REQUIREMENTS
650 ## - SUBJECT ADDED ENTRY--TOPICAL TERM
Topical term or geographic name entry element LOW RENTS
650 ## - SUBJECT ADDED ENTRY--TOPICAL TERM
Topical term or geographic name entry element RATEABLE VALUES
690 ## - LOCAL SUBJECT ADDED ENTRY--TOPICAL TERM (OCLC, RLIN)
Topical term or geographic name as entry element LANDLORD AND TENANT-RESIDENTIAL TENANCIES-CASE LAW
942 ## - ADDED ENTRY ELEMENTS (KOHA)
Suppress in OPAC 0
Holdings
Withdrawn status Lost status Source of classification or shelving scheme Damaged status Not for loan Home library Current library Shelving location Date acquired Total Checkouts Full call number Barcode Date last seen Copy number Price effective from Koha item type
    Dewey Decimal Classification     London London News article 05/09/2001   WB3733-18 114439-1001 06/08/2019 1 06/08/2019 Law report